| 000 | 00328nam a22001217a 4500 | ||
|---|---|---|---|
| 999 |
_c4731 _d4731 |
||
| 008 | 250312b ||||| |||| 00| 0 eng d | ||
| 020 | _a9781838915551 | ||
| 082 | _a821 LIT | ||
| 100 | _aLITTLE TIGER | ||
| 245 | _aOUR EARTH IS A POEM | ||
| 260 |
_a1 CODA STUDIOS,189 MUNSTER ROAD,LONDON SW6 6AW _bLITTLE TIGER _c2023 |
||
| 942 | _2ddc | ||